00933nam a22002897a 450000500170000001000390001702000260005602000230008202000400010502000230014503500170016803500130018503500130019803500140021103700170022503700130024208200090025510000240026424500940028825000110038226000380039327000490043130000430048050000710052365000290059470000200062320230726160522.0 a1617EN ENG-107650 ENG-137592 a9781259097218c850.00 a1259097218c850.00 a9781259097218c875.00 (Ashok Vihar) a1259097218c875.00 aB-651824-830 aB-666208 aEN-91183 aEN-121124 bPragatiadpl bDBAD/PUB a150  a Passer, Michael W. aPsychology :cby Michael W. Passer, Ronald E. Smith.bthe science of mind and behavior /  a5th ed bTata McGraw Hillc2013aNew Delhi aP-24, Green Park extnsionbNew Delhie110016 axxxiv, 673, SI-12 p.c28cm(pbk)b ill. aIncludes bibliographical references (p. R-1 and R-51) and indexes. a Psychology vTextbooks. aSmith, Ronald E